000 01471nam a2200277Ia 4500
999 _c54135
_d54135
001 21190
003 GE_BSU
005 20210720160110.0
008 181216s2006||||ge |||||||||||||| ||geo||
040 _cGE_BSU
041 _ageo
080 _a347.44 ი-29
100 _aიაშვილი, ნინო
_91031
245 _aსახელშეკრულებო ურთიერთობების პრაქტიკა /
_cნინო იაშვილი, ზაურ ნაჭყებია ; რედ. : ზაურ მირველაშვილი, დიმიტრი აბესაძე.
264 _aთბილისი :
_bშპს "ლამპარი-99,
_c2006.
300 _a528 გვ. ;
_c 20 სმ.
541 _h8ლ.
653 _aსამართალი
653 _aსახელშეკრულებო ურთიერთობები
700 _aმაღალაშვილი, ეკა
_eავტორი
_91032
700 _aნაჭყებია, ზაურ
_eავტორი
_91033
700 _aმირველაშვილი, ზაურ
_eრედაქტორი
_912300
700 _aაბესაძე, დიმიტრი
_eრედაქტორი
_912301
710 _aსაქართველოს სავაჭრო-სარმეწველო პალატა
_eსაქექსპერტიზა
_912302
942 _cBK
_2udc